000 00341 a2200157 4500
001 65692
020 _a9783852723280
040 _cAnchieta - Pituba
100 _aDavenport, Paul
240 1 0 _aStubs grows up
_lpor
245 1 0 _aStubs grows up
300 _a92
362 0 _a2012
650 4 _aLiteratura juvenil em inglês
942 _cBK
999 _c65692
_d65692